[Event "Bogota LAB op"]
[Site "Bogota"]
[Date "2014.06.27"]
[Round "1"]
[White "Nieto Mancilla, Frank Fernando"]
[Black "Rangel, Carlos"]
[Result "0-1"]
[WhiteElo "1829"]
[BlackElo "1973"]
[PlyCount "52"]
[EventDate "2014.06.27"]
[EventType "swiss"]
[EventRounds "6"]
[EventCountry "COL"]
[SourceTitle "EXT 2015"]
[Source "ChessBase"]
[SourceDate "2014.11.20"]
[SourceVersion "1"]
[SourceVersionDate "2014.11.20"]
[SourceQuality "1"]

1. e4 c5 2. Nc3 g6 3. f4 Bg7 4. Bc4 Nc6 5. Nf3 a6 6. a4 e6 7. 0-0 Nge7 8. Ba2 0-0 9. d3 b6 10. Bd2 Bb7 11. g4 f5 12. gxf5 gxf5 13. Ng5 h6 14. Nf3 Kh7 15. e5 Nb4 16. Bb3 Ng6 17. Ng5+ hxg5 18. Qh5+ Kg8 19. Qxg6 g4 20. Qh5 Qc7 21. Qh4 Qc6 22. Qg3 Kf7 23. Kf2 Rh8 24. Ke1 Rh3 25. Qg1 Rah8 26. Ne2 Rxh2 0-1

[Event "Bogota University op 7th"]
[Site "Bogota"]
[Date "2013.10.11"]
[Round "3"]
[White "Hernandez Moya, Yuleisis"]
[Black "Nieto Mancilla, Frank Fernando"]
[Result "1-0"]
[WhiteElo "2218"]
[BlackElo "1847"]
[PlyCount "72"]
[EventDate "2013.10.10"]
[EventType "swiss"]
[EventRounds "9"]
[EventCountry "COL"]
[SourceTitle "CBM 156 Extra"]
[Source "ChessBase"]
[SourceDate "2013.10.22"]
[SourceVersion "1"]
[SourceVersionDate "2013.10.22"]
[SourceQuality "1"]

1. e4 c6 2. d4 d5 3. e5 g6 4. h4 h5 5. Nh3 Bg4 6. Be2 Bxe2 7. Qxe2 e6 8. Bg5 Be7 9. c3 Nd7 10. Nd2 c5 11. Nf3 a6 12. 0-0 Bxg5 13. Nfxg5 Nh6 14. Rfd1 b5 15. a4 c4 16. Nf4 0-0 17. Re1 Nb6 18. Nxh5 gxh5 19. Qxh5 Kg7 20. Re3 Rh8 21. Rg3 Kf8 22. Rf3 Qe8 23. Rf6 Kg7 24. axb5 axb5 25. Rxa8 Nxa8 26. Nxe6+ Qxe6 27. Rxe6 fxe6 28. Qg5+ Kf8 29. Qd8+ Kg7 30. Qf6+ Kh7 31. Qe7+ Kg6 32. Qxe6+ Kh7 33. Qd7+ Kg6 34. g4 Rg8 35. g5 Nf7 36. Qe6+ Kg7 1-0

[Event "Bogota op 10"]
[Site "Bogota"]
[Date "2012.10.17"]
[Round "7"]
[White "Lopez, Jorge Mario"]
[Black "Nieto Mancilla, Frank Fernando"]
[Result "1-0"]
[WhiteElo "2012"]
[BlackElo "1859"]
[PlyCount "59"]
[EventDate "2012.10.11"]
[EventType "swiss"]
[EventRounds "9"]
[EventCountry "COL"]
[SourceTitle "EXT 2013"]
[Source "ChessBase"]
[SourceDate "2012.11.22"]
[SourceVersion "1"]
[SourceVersionDate "2012.11.22"]
[SourceQuality "1"]

1. e4 c6 2. Nc3 g6 3. d4 d5 4. Bd3 Bg7 5. Nge2 a6 6. 0-0 Bg4 7. f3 Be6 8. Be3 dxe4 9. Nxe4 Bf5 10. c3 Nd7 11. N2g3 Bxe4 12. fxe4 Ngf6 13. c4 0-0 14. e5 Ne8 15. Qc2 c5 16. e6 fxe6 17. dxc5 Nef6 18. Be2 Rc8 19. Rad1 Qa5 20. Ne4 Ne5 21. Kh1 Qc7 22. Ng5 Neg4 23. Bg1 Qe5 24. Nf3 Qc7 25. h3 Nh6 26. Nd4 Qe5 27. Bh2 Qe4 28. Rxf6 Qxc2 29. Rxf8+ Kxf8 30. Nxc2 1-0

[Event "Bogota op 10"]
[Site "Bogota"]
[Date "2012.10.14"]
[Round "4"]
[White "Nieto Mancilla, Frank Fernando"]
[Black "Trujillo Urriago, Karen Jo"]
[Result "1/2-1/2"]
[WhiteElo "1859"]
[BlackElo "1607"]
[PlyCount "44"]
[EventDate "2012.10.11"]
[EventType "swiss"]
[EventRounds "9"]
[EventCountry "COL"]
[SourceTitle "EXT 2013"]
[Source "ChessBase"]
[SourceDate "2012.11.22"]
[SourceVersion "1"]
[SourceVersionDate "2012.11.22"]
[SourceQuality "1"]

1. e4 e5 2. Nc3 Nc6 3. f4 exf4 4. Nf3 d6 5. Bc4 Bg4 6. d3 Be7 7. Bxf4 Nd4 8. 0-0 Bxf3 9. gxf3 Bg5 10. Qd2 Bxf4 11. Qxf4 Qf6 12. Qg3 0-0-0 13. Rf2 Ne7 14. Kh1 h5 15. Rg1 g6 16. h4 Kb8 17. a4 c6 18. a5 Ka8 19. Rgf1 d5 20. exd5 cxd5 21. Bb5 Nef5 22. Qh3 Qxh4 1/2-1/2

[Event "Bogota IRT op 08"]
[Site "Bogota"]
[Date "2012.08.20"]
[Round "7"]
[White "Argote, Carlos David"]
[Black "Nieto Mancilla, Frank Fernando"]
[Result "1-0"]
[WhiteElo "1806"]
[BlackElo "1883"]
[PlyCount "65"]
[EventDate "2012.08.17"]
[EventType "swiss"]
[EventRounds "7"]
[EventCountry "COL"]
[SourceTitle "EXT 2013"]
[Source "ChessBase"]
[SourceDate "2012.11.22"]
[SourceVersion "1"]
[SourceVersionDate "2012.11.22"]
[SourceQuality "1"]

1. e4 c6 2. d4 d5 3. Nd2 g6 4. e5 Bg7 5. Bd3 c5 6. c3 cxd4 7. cxd4 Nc6 8. Ne2 Bg4 9. f3 Bd7 10. Nb3 e6 11. Be3 Nge7 12. Qd2 h5 13. Rc1 Rc8 14. 0-0 Nf5 15. Bxf5 gxf5 16. Bg5 f6 17. Bxf6 Bxf6 18. exf6 Qxf6 19. Nc5 Rg8 20. Nxb7 Ke7 21. Qf4 Qg5 22. Qxg5+ Rxg5 23. Rfe1 Rcg8 24. g3 f4 25. Nxf4 Nxd4 26. Kf2 Bc8 27. Rc7+ Kf6 28. Nd6 R8g7 29. Ne8+ Kf5 30. Nxg7+ Kf6 31. Ngxh5+ Rxh5 32. Nxh5+ Kg6 33. Nf4+ 1-0

[Event "Bogota IRT op 08"]
[Site "Bogota"]
[Date "2012.08.18"]
[Round "2"]
[White "Estrella Becerra, Fernando"]
[Black "Nieto Mancilla, Frank Fernando"]
[Result "1/2-1/2"]
[WhiteElo "2057"]
[BlackElo "1883"]
[PlyCount "111"]
[EventDate "2012.08.17"]
[EventType "swiss"]
[EventRounds "7"]
[EventCountry "COL"]
[SourceTitle "EXT 2013"]
[Source "ChessBase"]
[SourceDate "2012.11.22"]
[SourceVersion "1"]
[SourceVersionDate "2012.11.22"]
[SourceQuality "1"]

1. c4 c6 2. g3 d5 3. cxd5 cxd5 4. d4 g6 5. Bg2 Bg7 6. Nc3 e6 7. Nf3 Ne7 8. 0-0 a6 9. Bg5 Nbc6 10. Qd2 h6 11. Bf4 Nf5 12. Be5 Nxe5 13. Nxe5 Bxe5 14. dxe5 Qc7 15. e4 dxe4 16. Nxe4 Qxe5 17. g4 Nh4 18. Nd6+ Ke7 19. Nxc8+ Raxc8 20. Bxb7 Rc7 21. Bh1 g5 22. Rfe1 Qf4 23. Qxf4 gxf4 24. Be4 Rb8 25. b3 Rb4 26. f3 Kf6 27. Kf2 Rd4 28. Rad1 Rcd7 29. Rxd4 Rxd4 30. Ke2 a5 31. Rc1 a4 32. Rc4 Rxc4 33. bxc4 Ke5 34. c5 Ng6 35. Kd3 Ne7 36. Kc4 f5 37. gxf5 exf5 38. Bb7 h5 39. Kb5 a3 40. Kb6 h4 41. c6 Kd6 42. c7 Kd7 43. c8Q+ Nxc8+ 44. Bxc8+ Kxc8 45. Kc6 Kb8 46. Kd6 Kb7 47. Ke5 Kc6 48. Kxf5 Kc5 49. Kxf4 Kc4 50. Kg4 Kc3 51. f4 Kb2 52. f5 Kxa2 53. f6 Kb3 54. f7 a2 55. f8Q a1Q 56. Kxh4 1/2-1/2

[Event "Bogota IRT op 06"]
[Site "Bogota"]
[Date "2012.06.11"]
[Round "6"]
[White "Nieto Mancilla, Frank Fernando"]
[Black "Corredor Castellanos, Camilo"]
[Result "0-1"]
[WhiteElo "1658"]
[BlackElo "1822"]
[PlyCount "100"]
[EventDate "2012.06.08"]
[EventType "swiss"]
[EventRounds "7"]
[EventCountry "COL"]
[SourceTitle "CBM 148 Extra"]
[Source "ChessBase"]
[SourceDate "2012.06.22"]
[SourceVersion "1"]
[SourceVersionDate "2012.06.22"]
[SourceQuality "1"]

1. e4 e5 2. Nc3 Nf6 3. f4 d6 4. Nf3 Nc6 5. Bc4 Be7 6. d3 0-0 7. a4 Be6 8. Nd5 Re8 9. f5 Bxd5 10. exd5 Nb4 11. 0-0 Nbxd5 12. Qe1 Nb6 13. Ba2 Rf8 14. a5 Nbd7 15. Qg3 Nh5 16. Qh3 Nf4 17. Bxf4 exf4 18. Qg4 Bf6 19. d4 a6 20. Qxf4 b6 21. h4 h6 22. c3 bxa5 23. Rf2 Nb6 24. Qg4 d5 25. Qh5 Qd6 26. Qg4 Rae8 27. Qh3 Re3 28. g4 Rfe8 29. Raf1 Re2 30. g5 Bd8 31. f6 h5 32. fxg7 Rxf2 33. Rxf2 Re3 34. Qh2 Qxh2+ 35. Kxh2 Kxg7 36. Ne5 f6 37. Nc6 Re8 38. Nxd8 Rxd8 39. Rxf6 Rf8 40. Rxf8 Kxf8 41. Kg3 c6 42. Bb1 Na4 43. Bg6 Nxb2 44. Bxh5 a4 45. Bg6 a3 46. Bb1 Nd1 47. c4 Nc3 48. cxd5 cxd5 49. Bd3 a2 50. Bxa6 a1Q 0-1

[Event "Bogota op 05"]
[Site "Bogota"]
[Date "2012.05.20"]
[Round "5"]
[White "Nieto Mancilla, Frank Fernando"]
[Black "Cuellar, Jose Gabriel"]
[Result "1-0"]
[WhiteElo "1658"]
[BlackElo "1756"]
[PlyCount "61"]
[EventDate "2012.05.18"]
[EventType "swiss"]
[EventRounds "7"]
[EventCountry "COL"]
[SourceTitle "CBM 148 Extra"]
[Source "ChessBase"]
[SourceDate "2012.06.22"]
[SourceVersion "1"]
[SourceVersionDate "2012.06.22"]
[SourceQuality "1"]

1. e4 c5 2. Nc3 g6 3. f4 e6 4. Bc4 a6 5. a4 Bg7 6. Nf3 Nc6 7. d3 Nge7 8. 0-0 0-0 9. Bd2 d5 10. exd5 exd5 11. Bb3 Qb6 12. Kh1 Bg4 13. a5 Qd8 14. h3 Be6 15. Na4 c4 16. Ba2 Nxa5 17. Qe1 Nac6 18. Nc5 Qc8 19. Nxe6 Qxe6 20. Qxe6 fxe6 21. dxc4 dxc4 22. Bxc4 Nd8 23. Rfe1 Kf7 24. Ng5+ Kg8 25. Nxe6 Nxe6 26. Rxe6 Nf5 27. Rexa6+ Kh8 28. Rxa8 Ng3+ 29. Kh2 Ne4 30. Rxf8+ Bxf8 31. Be3 1-0

[Event "Bogota op 05"]
[Site "Bogota"]
[Date "2012.05.19"]
[Round "3"]
[White "Acosta Cruz, Luis Ivan"]
[Black "Nieto Mancilla, Frank Fernando"]
[Result "1-0"]
[WhiteElo "1877"]
[BlackElo "1658"]
[PlyCount "89"]
[EventDate "2012.05.18"]
[EventType "swiss"]
[EventRounds "7"]
[EventCountry "COL"]
[SourceTitle "CBM 148 Extra"]
[Source "ChessBase"]
[SourceDate "2012.06.22"]
[SourceVersion "1"]
[SourceVersionDate "2012.06.22"]
[SourceQuality "1"]

1. d4 c6 2. e4 d5 3. e5 g6 4. f4 e6 5. Nf3 Bg7 6. Bd3 Ne7 7. g4 b6 8. c3 Bb7 9. Be3 Nd7 10. Qc2 c5 11. Nbd2 c4 12. Be2 b5 13. Nf1 h5 14. Ng5 h4 15. 0-0-0 a5 16. Bf2 b4 17. Nf3 h3 18. Ng3 a4 19. cxb4 a3 20. b3 Qb6 21. Be1 Nc6 22. Kb1 Nxb4 23. Bxb4 Qxb4 24. f5 Ba6 25. fxe6 Nb6 26. exf7+ Kf8 27. Ng5 Na4 28. Ka1 Bh6 29. bxa4 Bxg5 30. Rb1 Qe7 31. Qxg6 Be3 32. Nf5 Bxd4+ 33. Nxd4 Qxe5 34. Rbd1 Bc8 35. Qc6 Rb8 36. Qc5+ Kxf7 37. Qxa3 Re8 38. Rhf1+ Kg8 39. Qf3 Be6 40. Qf6 Qe3 41. Rf3 Rb1+ 42. Kxb1 Qe4+ 43. Ka1 Bd7 44. Qf7+ Kh8 45. Rxh3+ 1-0